000
00322nam a2200109Ia 4500
008
171211s9999 xx 000 0 und d
245
_a
Dictionary of Flavors (3rd edition)
245
_c
Dolf De Rovira Sr.
260
_c
2017
650
_x
Encyclopedia and Dictionary
856
_u
http://down.ebook777.com/056/1118856414.pdf
999
_c
350194
_d
350194